Below you will find the least and most remembered NCAA FBS Programs with the best all-time Division I winning percentage, as well as how your score stacks up against everyone else who took this quiz.

Think you can do better this time? Try again.


This NCAA FBS Programs with the best all-time Division I winning percentage Quiz has been taken 1,713 times (0 today).
Percentage School % Guessed Right
.706USC Trojans
95.9%
.720Texas Longhorns
93.1%
.740Michigan Wolverines
92.6%
.736Notre Dame Fighting Irish
90%
.714Ohio State Buckeyes
87.9%
.715Oklahoma Sooners
85.8%
.703Alabama Crimson Tide
78%
.703Nebraska Cornhuskers
66.8%
.750Boise State Broncos
42.6%

How do you compare to other NCAA FBS Programs with the best all-time Division I winning percentage quiz takers?

Number % Answered
9 (all)
19%
8
36.1%
7
23.2%
6
11.2%
5
5%
4
3.2%
3
1.5%
2
0.5%
1
0.3%

Tags: FBS Programs, played, game, school, division, all-time, best, program, FBS, percentage, winning, football, NCAA
Share
Share
There are 24 comments for this game.
(Warning: comments may contain spoilers)
Follow Sporcle on Twitter
Twitter
Subscribe to Sporcle
Feed